| 000 | 08826cam a22021254i 4500 | ||
|---|---|---|---|
| 003 | PE-LiUPU | ||
| 005 | 20250813165450.0 | ||
| 008 | 170721s2016 sp a r 000 0 spa d | ||
| 020 |
_a9788416042272 _q(volumen 1) |
||
| 020 |
_a9788416042289 _q(volumen 2) |
||
| 020 |
_a9788416042296 _q(volumen 3) |
||
| 020 |
_a9788416042302 _q(volumen 4) |
||
| 020 |
_a9788416042333 _q(volumen 5) |
||
| 035 | _a(Sirsi) a237961 | ||
| 040 |
_aPE-LiUPU _bspa _cPE-LiUPU _dPE-LiUPU _erda |
||
| 049 | _aPRUA | ||
| 082 | 0 | 4 |
_a610 _bT4 _220 |
| 245 | 0 | 0 |
_aTexbook AMIR medicina / _c Borja Ruiz Mateos [editor]. |
| 264 | 1 |
_aMadrid : _bMarbán, _c2016. |
|
| 300 |
_a5 volúmenes : _bilustraciones ; _c29 centímetros |
||
| 336 |
_atext _2rdacontent |
||
| 337 |
_aunmediated _2rdamedia |
||
| 338 |
_avolume _2rdacarrier |
||
| 505 | 0 |
_gTomo 1. _tCardiología -- Neumología -- Digestivo -- Nefrología -- Neurología. |
|
| 505 | 0 |
_gTomo 2. _tEndocrinología -- Inmunología -- Hematología -- Reumatología -- Infecciosas. |
|
| 505 | 0 |
_gTomo 3. _tPediatría -- Obstetricia y ginecología -- Ofmatología -- Orl -- Dermatología. |
|
| 505 | 0 |
_gTomo 4. _tPsiquiatría -- Urología -- Traumatología y cirugía ortopédica -- Anestesia -- Genética -- Preventiva -- Paciente terminal y cuidados paliativos -- Estadística y epidemiología -- Farmacología. |
|
| 505 | 0 |
_gTomo 4. _tCardiología y cirugía cardiovascular -- Dermatología -- Digestivo y cirugía general -- Endocrinología -- Estadística y epidemiología -- Ginecología y obstetricia -- Hematología -- Infecciones y microbiología -- Inmunología -- Miscelanía -- Nefrología -- Neumología y cirujía torácica -- Neurología y neurocirugía -- Ofmatología -- Otorrinolaringología -- Pediatría -- Psiquiatría -- Reumatología -- Traumatología y cirugía ortopédica -- Urología. |
|
| 505 | 0 |
_gTomo 5. _tCardiología -- Neurología -- Digestivo -- Nefrología -- Neurología -- Endocrinología -- Inmunología -- Hematología -- Infecciosas -- Microbiología -- Preventiva -- Geriatría -- Estadistica -- Pediatría -- Obstetricia -- Ginecología -- Otorrinolaringología -- Dermatología -- Psiquiatría -- Urología -- Traumatología -- Anestesia -- Genética -- Paciente terminal -- Cuidados Paliativos -- Farmacología. |
|
| 526 | _aP203 | ||
| 526 | _aP200 | ||
| 526 | _aSEG65 | ||
| 526 | _aSEG64 | ||
| 526 | _aSEG63 | ||
| 526 | _aSEG62 | ||
| 526 | _aSEG61 | ||
| 526 | _aSEG60 | ||
| 526 | _aSEG59 | ||
| 526 | _aSEG58 | ||
| 526 | _aSEG57 | ||
| 526 | _aSEG56 | ||
| 526 | _aSEG55 | ||
| 526 | _aSEG54 | ||
| 526 | _aSEG53 | ||
| 526 | _aSEG52 | ||
| 526 | _aSEG51 | ||
| 526 | _aSEG50 | ||
| 526 | _aSEG49 | ||
| 526 | _aSEG48 | ||
| 526 | _aSEG47 | ||
| 526 | _aSEG46 | ||
| 526 | _aSEG24 | ||
| 526 | _aSEG23 | ||
| 526 | _aSEG22 | ||
| 526 | _aSEG21 | ||
| 526 | _aSEG20 | ||
| 526 | _aSEG19 | ||
| 526 | _aSEG18 | ||
| 526 | _aSEG17 | ||
| 526 | _aSEG16 | ||
| 526 | _aSEG14 | ||
| 526 | _aSEG13 | ||
| 526 | _aSEG12 | ||
| 526 | _aSEG11 | ||
| 526 | _aSEG10 | ||
| 526 | _aSEG09 | ||
| 526 | _aSEG06 | ||
| 526 | _aSEG05 | ||
| 526 | _aSEG04 | ||
| 526 | _aSEG03 | ||
| 526 | _aSEG02 | ||
| 526 | _aSEG68 | ||
| 526 | _aSEG66 | ||
| 526 | _aSEG45 | ||
| 526 | _aSEG25 | ||
| 526 | _aSEG01 | ||
| 526 | _aP163 | ||
| 526 | _aP162 | ||
| 526 | _aP161 | ||
| 526 | _aP160 | ||
| 526 | _aP159 | ||
| 526 | _aP158 | ||
| 526 | _aP157 | ||
| 526 | _aP156 | ||
| 526 | _aP155 | ||
| 526 | _aP154 | ||
| 526 | _aP153 | ||
| 526 | _aP152 | ||
| 526 | _aP151 | ||
| 526 | _aP150 | ||
| 526 | _aP149 | ||
| 526 | _aP142 | ||
| 526 | _aP141 | ||
| 526 | _aP140 | ||
| 526 | _aP139 | ||
| 526 | _aP138 | ||
| 526 | _aP137 | ||
| 526 | _aP132 | ||
| 526 | _aP131 | ||
| 526 | _aP130 | ||
| 526 | _aP126 | ||
| 526 | _aP125 | ||
| 526 | _aP124 | ||
| 526 | _aP123 | ||
| 526 | _aP115 | ||
| 526 | _aP122 | ||
| 526 | _aP121 | ||
| 526 | _aP116 | ||
| 526 | _a P114 | ||
| 526 | _aP112 | ||
| 526 | _aP111 | ||
| 526 | _aP104 | ||
| 526 | _aP103 | ||
| 526 | _aP102 | ||
| 526 | _aP101 | ||
| 526 | _aP100 | ||
| 526 | _aP96 | ||
| 526 | _aP95 | ||
| 526 | _aP93 | ||
| 526 | _aP92 | ||
| 526 | _aP91 | ||
| 526 | _aP88 | ||
| 526 | _aP83 | ||
| 526 | _aP82 | ||
| 526 | _aP79 | ||
| 526 | _aP78 | ||
| 526 | _aP75 | ||
| 526 | _aP74 | ||
| 526 | _aP71 | ||
| 526 | _aP69 | ||
| 526 | _a P51 | ||
| 526 | _aP49 | ||
| 526 | _aP48 | ||
| 526 | _aP47 | ||
| 526 | _aP33 | ||
| 526 | _aP31 | ||
| 526 | _a P30 | ||
| 526 | _aP29 | ||
| 526 | _aP27 | ||
| 526 | _aP26 | ||
| 526 | _aP25 | ||
| 526 | _aP24 | ||
| 526 | _a P22 | ||
| 526 | _aP10 | ||
| 526 | _aP09 | ||
| 526 | _a P08 | ||
| 526 | _aP06 | ||
| 526 | _aP05 | ||
| 526 | _aP04 | ||
| 526 | _aP01 | ||
| 541 | _g0001-000577; | ||
| 541 | _g0001-000585; | ||
| 650 | 0 | 4 | _aMedicina. |
| 650 | 0 | 4 | _aEnfermedades. |
| 700 | 1 |
_aRuíz Mateos, Borja, _eeditor. |
|
| 910 |
_ajck _bncf _cncf _d20170721 |
||
| 910 |
_adbm _bncf _cncf _d20180702 |
||
| 910 |
_adbm _bksl _cksl _d20181107 |
||
| 942 |
_2ddc _cBOOK |
||
| 949 |
_a610 T4 _wDEWEY _c1 _i76565 _lCCODEBUL1 _mBUL _p28.12 _r0 _sY _tBOOK _u2017-07-21 _xSALUD _PP30 _0COMPRA _o.STAFF. Colección Ciencias de la Salud |
||
| 949 |
_a610 T4 _wDEWEY _c2 _i76566 _lCCODEBUL1 _mBUL _p28.12 _r0 _sY _tBOOK _u2017-07-21 _xSALUD _PP30 _0COMPRA _o.STAFF. Colección Ciencias de la Salud |
||
| 949 |
_a610 T4 _wDEWEY _c3 _i76567 _lCCODEBUL1 _mBUL _p28.12 _r0 _sY _tBOOK _u2017-07-21 _xSALUD _PP30 _0COMPRA _o.STAFF. Colección Ciencias de la Salud |
||
| 949 |
_a610 T4 _wDEWEY _c4 _i76568 _lCCODEBUL1 _mBUL _p28.12 _r0 _sY _tBOOK _u2017-07-21 _xSALUD _PP30 _0COMPRA _o.STAFF. Colección Ciencias de la Salud |
||
| 596 | _a1 | ||
| 999 |
_a610 T4 1 _wDEWEY _c24667 _i76565 _d24667 _e2019-8-5 _f2021-11-3 _g4 _lCCODEBUL1 _mBUL _n4 _p28.12 _q11 _r0 _sY _tBOOK _u2017-7-21 _xSALUD _zP30 _0COMPRA _o.STAFF. Colección Ciencias de la Salud |
||
| 999 |
_a610 T4 1 _wDEWEY _c2 _i78931 _d2022-7-14 _e2022-7-11 _f2021-11-3 _g4 _lCCODEBUL1 _mBUL _n6 _p17.93 _q3 _r0 _sY _tBOOK _u2018-7-2 _xSALUD _zP22 _0COMPRA _1FCOMPRA _o.STAFF. Colección Ciencias de la Salud |
||
| 999 |
_a610 T4 1 _wDEWEY _c3 _i79228 _d2022-6-1 _e2019-10-7 _f2021-11-3 _g4 _lCCODEBUL1 _mBUL _n3 _p81.60 _q6 _r0 _sY _tBOOK _u2018-11-7 _xSALUD _zP22 _0COMPRA _1FCOMPR2 _o.STAFF. Colección Ciencias de la Salud |
||
| 999 |
_a610 T4 2 _wDEWEY _c1 _i76566 _d2022-6-16 _e2022-5-23 _f2021-11-3 _g3 _lCCODEBUL1 _mBUL _n6 _p28.10 _q13 _r0 _sY _tBOOK _u2018-7-2 _xSALUD _zP30 _0COMPRA _o.STAFF. Colección Ciencias de la Salud |
||
| 999 |
_a610 T4 2 _wDEWEY _c2 _i78932 _d2022-7-7 _e2022-5-30 _f2021-11-3 _g4 _lCCODEBUL1 _mBUL _n6 _p17.93 _q4 _r0 _sY _tBOOK _u2018-7-2 _xSALUD _zP22 _0COMPRA _1FCOMPRA _o.STAFF. Colección Ciencias de la Salud |
||
| 999 |
_a610 T4 2 _wDEWEY _c3 _i79229 _d2022-6-12 _e2022-6-8 _f2021-11-3 _g4 _lCCODEBUL1 _mBUL _n4 _p81.60 _q10 _r0 _sY _tBOOK _u2018-11-7 _xSALUD _zP22 _0COMPRA _1FCOMPR2 _o.STAFF. Colección Ciencias de la Salud |
||
| 999 |
_a610 T4 3 _wDEWEY _c1 _i76567 _d2019-8-29 _e2019-8-25 _f2021-11-3 _g3 _lCCODEBUL1 _mBUL _n4 _p28.10 _r0 _sY _tBOOK _u2018-7-2 _xSALUD _zP30 _0COMPRA _o.STAFF. Colección Ciencias de la Salud |
||
| 999 |
_a610 T4 3 _wDEWEY _c2 _i78933 _d2022-5-22 _e2018-8-27 _f2021-11-3 _g4 _lCCODEBUL1 _mBUL _n4 _p17.93 _q1 _r0 _sY _tBOOK _u2018-7-2 _xSALUD _zP22 _0COMPRA _1FCOMPRA _o.STAFF. Colección Ciencias de la Salud |
||
| 999 |
_a610 T4 3 _wDEWEY _c3 _i79230 _d2022-6-8 _f2021-11-3 _g4 _lCCODEBUL1 _mBUL _p81.60 _q2 _r0 _sY _tBOOK _u2018-11-7 _xSALUD _zP22 _0COMPRA _1FCOMPR2 _o.STAFF. Colección Ciencias de la Salud |
||
| 999 |
_a610 T4 4 _wDEWEY _c1 _i76568 _d2019-5-28 _e2018-8-27 _f2021-11-3 _g3 _lCCODEBUL1 _mBUL _n4 _p28.10 _q2 _r0 _sY _tBOOK _u2018-7-2 _xSALUD _zP30 _0COMPRA _o.STAFF. Colección Ciencias de la Salud |
||
| 999 |
_a610 T4 4 _wDEWEY _c2 _i78934 _d2019-5-28 _e2019-5-21 _f2021-11-3 _g4 _lCCODEBUL1 _mBUL _n7 _p17.93 _q3 _r0 _sY _tBOOK _u2018-7-2 _xSALUD _zP22 _0COMPRA _1FCOMPRA _o.STAFF. Colección Ciencias de la Salud |
||
| 999 |
_a610 T4 4 _wDEWEY _c3 _i79231 _d2019-11-28 _e2019-8-25 _f2021-11-3 _g4 _lCCODEBUL1 _mBUL _n2 _p81.60 _q2 _r0 _sY _tBOOK _u2018-11-7 _xSALUD _zP22 _0COMPRA _1FCOMPR2 _o.STAFF. Colección Ciencias de la Salud |
||
| 999 |
_a610 T4 5 _wDEWEY _c1 _i78935 _d2019-10-6 _e2019-10-6 _f2019-2-20 _g2 _kCHECKEDOUT _lCCODEBUL1 _mBUL _n5 _p17.93 _q6 _rM _sY _tBOOK _u2018-7-2 _xSALUD _zP22 _0COMPRA _1FCOMPRA _o.STAFF. Colección Ciencias de la Salud |
||
| 999 |
_a610 T4 5 _wDEWEY _c2 _i79232 _d2022-6-24 _e2022-5-31 _f2021-11-3 _g4 _lCCODEBUL1 _mBUL _n13 _p81.60 _q16 _r0 _sY _tBOOK _u2018-11-7 _xSALUD _zP22 _0COMPRA _1FCOMPR2 _o.STAFF. Colección Ciencias de la Salud |
||
| 980 |
_81 _gALBERTO SANCHEZ Responsable de Automatización |
||